000 00824nam a2200265 a 4500
005 20140310183623.0
008 120906s19uu xx 00 eng d
020 _a978013247882
050 _aHD 38.7
_b.T931 2011
100 _aTurban, Efraim
245 _aBusiness intelligence :
_ba managerial approach /
_cEfraim Turban, Ramesh Sharda, Dursun Delen, David King, Janine E. Aronson.
250 _a2nd ed. International ed.
260 _aBoston, United States :
_bPrentice Hall,
_c2011.
300 _a312 p. :
_bill. ;
_c27 cm.
500 _aIncludes index
521 _aBSBA
650 _aBusiness intelligence
650 _aIndustrial management
700 _aSharda, Ramesh
700 _aDelen, Dursun
700 _aKing, David
700 _aAronson, Janine E.
942 _cBK
_2lcc
_kFOR
999 _c25442
_d25442